Formalized Probability theory and applications using theoren proving (Record no. 13219)
[ view plain ]
| 000 -LEADER | |
|---|---|
| fixed length control field | 00544nam a22001577a 4500 |
| 020 ## - INTERNATIONAL STANDARD BOOK NUMBER | |
| International Standard Book Number | 9781466683150 |
| 082 ## - DEWEY DECIMAL CLASSIFICATION NUMBER | |
| Classification number | 004.029 OSM |
| 100 ## - MAIN ENTRY--PERSONAL NAME | |
| Personal name | Osman, Hasan |
| 245 ## - TITLE STATEMENT | |
| Title | Formalized Probability theory and applications using theoren proving |
| 260 ## - PUBLICATION, DISTRIBUTION, ETC. | |
| Place of publication, distribution, etc. | USA |
| Name of publisher, distributor, etc. | Information Science Reference |
| Date of publication, distribution, etc. | 2015 |
| 300 ## - PHYSICAL DESCRIPTION | |
| Extent | xii, 298 p. |
| 500 ## - GENERAL NOTE | |
| General note | Includes bibliographical references and index. |
| 650 ## - SUBJECT ADDED ENTRY--TOPICAL TERM | |
| Topical term or geographic name entry element | 1. Computer systems--Evaluation 2. Automatic theorem proving. 3. Stochastic analysis--Data processing |
| 700 ## - ADDED ENTRY--PERSONAL NAME | |
| Personal name | Sofiene, Tahar |
| 942 ## - ADDED ENTRY ELEMENTS (KOHA) | |
| Koha item type | Book |
| Withdrawn status | Lost status | Damaged status | Not for loan | Collection code | Permanent Location | Current Location | Shelving location | Date acquired | Source of acquisition | Total Checkouts | Full call number | Barcode | Date last seen | Price effective from | Koha item type |
|---|---|---|---|---|---|---|---|---|---|---|---|---|---|---|---|
| Central Library (CL) | Central Library (CL) | First Floor - Computer Science | 06/24/2015 | Donation | 004.029 OSM | SEECSD01157 | 06/22/2015 | 06/22/2015 | Book |
